000 00506nam a2200181 i 4500
001 142146
003 ES-MaACL
005 20230906200445.0
007 t|
008 071003s1953 sp ||||1| spa d
100 1 _aWaltari, Mika.
_9116000
245 1 0 _aJuego peligroso /
_cMika Waltari ; [traducción de Victor Scholz].
250 _a[1ª ed.].
260 _aBarcelona :
_bLara,
_c[1953]
300 _a164 p. ;
_c19 cm.
700 1 _aScholz, Víctor.
_9104643
852 _aES-MaACL
_jC-6899
_bR.34510
999 _c142146
_d142146